| 000 | 00639nam a2200181 a 4500 | ||
|---|---|---|---|
| 001 | 000017702 | ||
| 005 | 20200929165212.0 | ||
| 008 | 100330s1987 dr a 000 0 spa d | ||
| 040 |
_aDO-SdBNP _bspa _cBNPHU |
||
| 082 |
_axxx _bR426m |
||
| 110 | 1 |
_aRepública Dominicana _bSecretaría de Estado de Agricultura _917769 |
|
| 245 | 1 | 0 |
_aManual de la caficultura dominicana / _cPresentación David A. Camilo G. |
| 260 |
_aSanto Domingo : _bSecretaría de Estado de Agricultura, _c1987. |
||
| 300 |
_a110 p. : _bil. ; _c23 cm. |
||
| 504 | _aIncluye referencias bibliográficas ( 104-110) | ||
| 700 | 1 |
_aCamilo G., David A. _938545 |
|
| 049 | _aBNPD | ||
| 999 |
_c17227 _d17227 |
||